Literature - World and Miscellaneous | 0 | 4 | 0 | 0 | 40 | 68 | 100.00 | 0 | 0 |
Science - Physics | 0 | 4 | 0 | 0 | 40 | 68 | 93.50 | 0 | 0 |
Literature - British | 1 | 2 | 0 | 0 | 35 | 55 | 80.33 | 0 | 0 |
Literature - American | 0 | 3 | 0 | 0 | 30 | 91 | 105.00 | 0 | 0 |
Science - Earth | 0 | 3 | 0 | 0 | 30 | 73 | 82.67 | 0 | 0 |
Literature - European | 0 | 2 | 0 | 0 | 20 | 65 | 82.00 | 0 | 0 |
Science - Computer Science | 0 | 2 | 0 | 0 | 20 | 81 | 98.50 | 0 | 0 |
Science - Math | 1 | 0 | 0 | 0 | 15 | 72 | 72.00 | 0 | 0 |
Science - Engineering and Miscellaneous | 0 | 1 | 0 | 0 | 10 | 100 | 100.00 | 0 | 0 |
Fine Arts - Music | 0 | 1 | 0 | 0 | 10 | 126 | 126.00 | 0 | 0 |
Social Science - Psychology | 0 | 1 | 0 | 0 | 10 | 71 | 71.00 | 0 | 0 |
Fine Arts - Painting | 0 | 1 | 0 | 0 | 10 | 112 | 112.00 | 0 | 0 |
Fine Arts - Photography | 0 | 1 | 0 | 0 | 10 | 106 | 106.00 | 0 | 0 |
History - Cross, Historiography, and Miscellaneous | 0 | 1 | 0 | 0 | 10 | 118 | 118.00 | 0 | 0 |
Other - Other Academic and General Knowledge | 0 | 1 | 0 | 0 | 10 | 113 | 113.00 | 0 | 0 |
Science - Astronomy | 0 | 1 | 0 | 0 | 10 | 89 | 89.00 | 0 | 0 |
Science - Biology | 0 | 1 | 0 | 0 | 10 | 111 | 111.00 | 0 | 0 |
Science - Chemistry | 0 | 1 | 0 | 0 | 10 | 104 | 104.00 | 0 | 0 |